ՀՀ Գիտությունների ազգային ակադեմիայի հիմնարար գիտական գրադարան  =   Fundamental Scientific Library of NAS RA

Ժամանակակիցները Համո Բեկնազարյանի մասին / (Record no. 532830)

MARC details
000 -LEADER
fixed length control field 01649nam a2200289 a 4500
001 - CONTROL NUMBER
control field 1886320
003 - CONTROL NUMBER IDENTIFIER
control field AM-YEHGA
005 - DATE AND TIME OF LATEST TRANSACTION
control field 20250617165004.0
008 - FIXED-LENGTH DATA ELEMENTS--GENERAL INFORMATION
fixed length control field 230131s2023 ai a||||||||||||||||arm|d
020 ## - INTERNATIONAL STANDARD BOOK NUMBER
International Standard Book Number 9785540025621
040 ## - CATALOGING SOURCE
Original cataloging agency AM-YeHGA
041 0# - LANGUAGE CODE
Language code of text/sound track or separate title arm
090 ## - LOCALLY ASSIGNED LC-TYPE CALL NUMBER (OCLC); LOCAL CALL NUMBER (RLIN)
-- 571781
245 00 - TITLE STATEMENT
Title Ժամանակակիցները Համո Բեկնազարյանի մասին /
Statement of responsibility, etc. Կազմող և նախաբանի հեղինակ՝ Վ.Բ. Մելիք-Օհանջանյան ; Խմբագիր և առաջաբանի հեղինակ՝ Ս. Գալստյան ; Գրախոս՝ Կ.Լ. Քալանթար ; Ե. Չարենցի անվան գրականության և արվեստի թանգարան.
260 ## - PUBLICATION, DISTRIBUTION, ETC.
Place of publication, distribution, etc. Երևան :
Name of publisher, distributor, etc. Հայաստան հրատարակչություն,
Date of publication, distribution, etc. 2023.
300 ## - PHYSICAL DESCRIPTION
Extent 200 էջ, 32 էջ ներդիր ։
Other physical details լուսանկարներ ;
Dimensions 21 սմ.
500 ## - GENERAL NOTE
General note Նվիրվում է հայ կինոյի 100-ամյակին։
504 ## - BIBLIOGRAPHY, ETC. NOTE
Bibliography, etc. note Տողատակում՝ մատենագիտական ծանոթագրություններ։
600 10 - SUBJECT ADDED ENTRY--PERSONAL NAME
Personal name Բեկնազարյան, Համո Իվանի,
Dates associated with a name 1892-1965
650 14 - SUBJECT ADDED ENTRY--TOPICAL TERM
Topical term or geographic name entry element Հայ կինոռեժիսորներ
650 14 - SUBJECT ADDED ENTRY--TOPICAL TERM
Topical term or geographic name entry element Ռեժիսորական արվեստ
700 1# - ADDED ENTRY--PERSONAL NAME
Personal name Մելիք-Օհանջանյան, Վիլենա Բ.
Relator term կազմող
Relationship com
Relator term նախաբանի հեղինակ
Relationship aui
700 1# - ADDED ENTRY--PERSONAL NAME
Personal name Գալստյան, Սիրանույշ
Relator term խմբագիր
Relationship edt
Relator term առաջաբանի հեղինակ
Relationship aui
700 1# - ADDED ENTRY--PERSONAL NAME
Personal name Քալանթար, Կարեն Լ.
Relator term գրախոս
Relationship rev
710 2# - ADDED ENTRY--CORPORATE NAME
Corporate name or jurisdiction name as entry element Եղիշե Չարենցի անվան գրականության և արվեստի թանգարան
942 ## - ADDED ENTRY ELEMENTS (KOHA)
Source of classification or shelving scheme Universal Decimal Classification
Koha item type Գրքեր / Books
Holdings
Withdrawn status Lost status Source of classification or shelving scheme Damaged status Not for loan Collection Home library Current library Date acquired Total checkouts Full call number Barcode Date last seen Price effective from Koha item type Public note
    Universal Decimal Classification     General Fundamental Scientific Library Fundamental Scientific Library 31/01/2025   AII/112824 FL0686516 31/01/2025 31/01/2025 Գրքեր / Books 30 Days Loan


ՀՀ ԳԱԱ հիմնարար գիտական գրադարան
ՀՀ,Երևան 0019
Մարշալ Բաղրամյան 24/6
հեռախոս:(374-10) 52-47-50
Հետադարձ կապ

All site content, except where otherwise noted, is licensed under a
Creative Commons License